Metódy riadenia prístupu v sieťach NGN

Gespeichert in:
Bibliographische Detailangaben
1. Verfasser: Behúl, Tomáš, 1988- (Verfasst von)
Weitere Verfasser: Chromý, Erik, 1981- (Betreuung Doktorarbeit)
Format: Manuskript Buch
Sprache:Slowakisch
Veröffentlicht: Bratislava : STU v Bratislave FEI, 2013
Schlagworte:
Online-Zugang:VAIS
Tags: Tag hinzufügen
Keine Tags, Fügen Sie das erste Tag hinzu!

MARC

LEADER 00000ntm a22000003a 4500
001 stu270534
005 20150617230229.8
008 130709s2013----xo------------------slo-d
040 |a STU  |b slo 
041 0 |a slo 
044 |a xo 
100 1 |a Behúl, Tomáš,  |d 1988-  |4 aut  |u E  |T FEI Fakulta elektrotechniky a informatiky  |X 56424  |U E  |Y 30  |7 A000056424 
242 0 0 |a Admission control methods in NGN networks  |y eng 
245 1 |a Metódy riadenia prístupu v sieťach NGN 
260 |a Bratislava :  |b STU v Bratislave FEI,  |c 2013 
300 |a 63 s 
650 7 |a Telekomunikácie  |2 stusub 
650 7 |a Telecommunications  |2 estusub 
650 7 |a QoS  |2 stusub 
650 7 |a NGN  |2 stusub 
700 1 |a Chromý, Erik,  |d 1981-  |4 ths  |u E070  |U FEI Fakulta elektrotechniky a informatiky  |T FEI Ústav telekomunikácií  |X 3861  |U E070  |Y 818  |7 A000003861 
856 4 |a info a plný text  |u http://is.stuba.sk/zp/portal_zp.pl?podrobnosti=89359  |3 VAIS 
996 |b 284EP10514  |c E*DIPL-10514  |l EE37  |s P  |a 0  |w stu270534_0001